LEADER 01104nam a2200265 i 4500 001 000000048502 003 CaOOAMICUS 005 20051027000000.0 008 051027s1995 it u000 u ita u 013 $a19672 020 $a88-311-7291-3 040 $aSeMil$bita 100 1 $aNkafu Nkemnkia, Martin <1950- >.$0(OLS)http://semarc/name/24010 245 13$aIl pensare africano come "vitalogia" /$cMartin Nkafu Nkemnkia ; Presentazione di Ernest Ruch. 260 $aRoma :$bCittà Nuova,$cCopyr. 1995. 300 $a215 p. ;$c21 cm. 500 $aContiene : Bibliografia. 650 4$aAfrica.$0(OLS)http://semarc/subject/8985 650 4$aFilosofia africana.$0(OLS)http://semarc/subject/19138 700 1 $aRuch, Ernest,$c.$0(OLS)http://semarc/name/24011 850 $aSeMil 852 $aSeMil$W1$xVenegono$y1$m2R IV 304$j14657$B14657$CSeMilBibl$Z2$F14657 $81 996 $6020$a88-311-7291-3$9(OLS)http://semarc/number/19781 996 $6245$aIl pensare africano come "vitalogia"$9(OLS)http://semarc/title/73422 996 $6260$aRoma :$bCittà Nuova$9(OLS)http://semarc/publisher/29609 LEADER 00835nam a2200229 i 4500 001 000000086259 003 CaOOAMICUS 005 20180830150007.0 008 180830s1965 xx u000 u und u 013 $a58499 040 $aSeMil$bita 245 10$aReligione. 260 $aFirenze :$bSansoni,$c1965. 300 $a1309 p. 650 4$aFilosofia della religione.$0(OLS)http://semarc/subject/504 650 4$aReligione.$0(OLS)http://semarc/subject/3159 700 1 $aSpirito, Ugo <1896-1979>.$0(OLS)http://semarc/name/1366 700 1 $aMiegge, Mario <1932-2014>.$0(OLS)http://semarc/name/28068 850 $aSeMil 852 $aSeMil$W1$xVenegono$y1$m66 1 5 *$j49987$B49987$CSeMilBibl$Z2$F53858 $81 996 $6245$aReligione$9(OLS)http://semarc/title/9841 996 $6260$aFirenze :$bSansoni$9(OLS)http://semarc/publisher/29843